| 000 | 01310cam a2200205 4500 | ||
|---|---|---|---|
| 001 | ##L134122 | ||
| 008 | 060712n2006 000 0 eng u | ||
| 035 | _a(Sirsi) u134122 | ||
| 041 | 0 | _aeng | |
| 050 | 0 | 4 | _a690.3 $2 18 |
| 110 | 2 |
_aThe Chartered Institute of Building _92131 |
|
| 245 | 0 | 4 |
_aThe cowboy builder _ba public perspective _bsurvey 2006 |
| 260 |
_aAscot _bCIOB _c2006 |
||
| 520 | _aReports the results of a survey of homeowners who had had building work carried out on their homes within the last three years on their experiences with the builder during the work. The vast majority of respondents were either satisfied or extremely satisfied with the work carried out. Most of the respondents had followed recommended procedures for choosing and working with a builder, such as avoiding cold callers, obtaining a quote or estimate beforehand, and ensuring a warranty or guarantee was issued for the work. The CIOB urges the use of written contracts, such as JCT or small works contract, as a further step towards eliminating cowboy builders. | ||
| 590 | _aIKA180706 NTK | ||
| 651 | 4 |
_aUnited Kingdom _y |
|
| 690 | _aMANAGEMENT-QUALITY MANAGEMENT-QUALITY ASSURANCE | ||
| 856 | 4 | 1 |
_uhttps://www.ciob.org.uk/resources/publications _zView the item free of charge at www.ciob.org.uk... |
| 942 | _n0 | ||
| 999 |
_c105550 _d105550 |
||